[Event "Gibtelecom Masters"]
[Site "Gibraltar"]
[Date "2007.01.23"]
[Round "1.1"]
[White "Adams, Michael"]
[Black "Paehtz, Elisabeth"]
[Result "1-0"]
[WhiteElo "2735"]
[BlackElo "2451"]
[PlyCount "49"]
[EventDate "2007.??.??"]

1. e4 c5 2. Nf3 Nf6 3. Nc3 d5 4. exd5 Nxd5 5. Bb5+ Bd7 6. Qe2 Nb4 7. d3 Bxb5 8.
Nxb5 N8c6 9. Bf4 Qa5 10. Nc7+ Kd7 11. O-O Rc8 12. a3 Na6 13. b4 cxb4 14. axb4
Qxb4 15. Bd2 Qd6 16. Nxa6 bxa6 17. Rxa6 f6 18. d4 e6 19. Qb5 Be7 20. c4 Rb8 21.
Rxa7+ Ke8 22. Qa4 Kf7 23. Ra6 Rhc8 24. d5 exd5 25. Nd4 1-0

[Event "Gibtelecom Masters"]
[Site "Gibraltar"]
[Date "2007.01.23"]
[Round "1.6"]
[White "Rajlich, Iweta"]
[Black "Areshchenko, Alexander"]
[Result "1/2-1/2"]
[WhiteElo "2428"]
[BlackElo "2644"]
[PlyCount "91"]
[EventDate "2007.??.??"]

1. d4 Nf6 2. c4 g6 3. Nc3 Bg7 4. Nf3 O-O 5. Bg5 h6 6. Bh4 d6 7. e3 Nbd7 8. Qc2
e5 9. dxe5 Nxe5 10. Nxe5 dxe5 11. Rd1 Qe8 12. Be2 Bf5 13. e4 Be6 14. O-O c6 15.
Rd6 Qe7 16. Rfd1 Rfd8 17. Bxf6 Bxf6 18. c5 Qc7 19. Qa4 Be7 20. Rxd8+ Rxd8 21.
Qxa7 Rxd1+ 22. Nxd1 Qd7 23. b3 Kh7 24. Ne3 Qd2 25. Bf1 Qb4 26. Qb6 Qxe4 27. a4
Qb1 28. Qxb7 Bxc5 29. Ng4 Qe1 30. h3 h5 31. Qxc6 Bd4 32. Qe4 Qd2 33. Nf6+ Kg7
34. Qf3 Qe1 35. Ne4 f5 36. Ng5 Bd5 37. Qe2 Qc1 38. h4 Qc5 39. b4 Qxb4 40. Qb5
Bxf2+ 41. Kxf2 Qxh4+ 42. Kg1 Qd4+ 43. Kh2 Qf4+ 44. Kg1 Qd4+ 45. Kh2 Qf4+ 46.
Kg1 1/2-1/2

[Event "Gibtelecom Masters"]
[Site "Gibraltar"]
[Date "2007.01.23"]
[Round "1.8"]
[White "Wippermann, Till"]
[Black "Spraggett, Kevin"]
[Result "1/2-1/2"]
[WhiteElo "2427"]
[BlackElo "2633"]
[PlyCount "50"]
[EventDate "2007.??.??"]

1. e4 c5 2. Nf3 e6 3. b3 a6 4. Bb2 d5 5. exd5 exd5 6. d4 Nf6 7. Be2 Be7 8. O-O
O-O 9. Ne5 Nc6 10. Nxc6 bxc6 11. dxc5 Bxc5 12. Nc3 Re8 13. Bf3 Ba7 14. Qd3 a5
15. Rfe1 Ba6 16. Qd2 Re6 17. Rad1 Rc8 18. Na4 Bb5 19. Nc3 Ba6 20. Na4 Rxe1+ 21.
Qxe1 Bb5 22. Nc3 Ba6 23. Na4 Bb5 24. Nc3 Ba6 25. Na4 Bb5 1/2-1/2

[Event "Gibtelecom Masters"]
[Site "Gibraltar"]
[Date "2007.01.23"]
[Round "1.9"]
[White "Sokolov, Ivan"]
[Black "Greet, Andrew"]
[Result "1-0"]
[WhiteElo "2632"]
[BlackElo "2425"]
[PlyCount "61"]
[EventDate "2007.??.??"]

1. d4 Nf6 2. c4 e6 3. Nf3 b6 4. Nc3 Bb4 5. Qb3 c5 6. a3 Ba5 7. dxc5 bxc5 8. Bg5
Qb6 9. Qc2 Ne4 10. Qxe4 Qxb2 11. Rb1 f5 12. Rxb2 fxe4 13. Bd2 exf3 14. exf3 Nc6
15. Ne4 Bb6 16. Be3 Nd4 17. Bxd4 cxd4 18. c5 Bc7 19. Bc4 Rb8 20. Rxb8 Bxb8 21.
Ke2 Be5 22. Rb1 Kd8 23. g3 g6 24. f4 Bg7 25. Nd6 Kc7 26. Kd3 Kc6 27. Bb5+ Kd5
28. Ne4 Rf8 29. c6 d6 30. Rc1 Rd8 31. c7 1-0

[Event "Gibtelecom Masters"]
[Site "Gibraltar"]
[Date "2007.01.23"]
[Round "1.11"]
[White "Sutovsky, Emil"]
[Black "Gunnarsson, Jon Viktor"]
[Result "1-0"]
[WhiteElo "2629"]
[BlackElo "2419"]
[PlyCount "38"]
[EventDate "2007.??.??"]

1. e4 c5 2. Nf3 d6 3. d4 cxd4 4. Nxd4 Nf6 5. Nc3 g6 6. Be3 a6 7. f3 Nbd7 8. Bc4
Bg7 9. Qd2 b5 10. Bb3 Bb7 11. O-O-O Nc5 12. Bh6 Bxh6 13. Qxh6 e5 14. Nde2 Nxb3+
15. axb3 b4 16. Na4 Rc8 17. Ng3 Rc6 18. Rd3 a5 19. Rhd1 Qe7 {
remaining moves illegible} 1-0

[Event "Gibtelecom Masters"]
[Site "Gibraltar"]
[Date "2007.01.23"]
[Round "1.12"]
[White "Teran Alvarez, Ismael"]
[Black "Efimenko, Zahar"]
[Result "0-1"]
[WhiteElo "2417"]
[BlackElo "2616"]
[PlyCount "40"]
[EventDate "2007.??.??"]

1. e4 c5 2. Nf3 d6 3. d4 cxd4 4. Nxd4 Nf6 5. Nc3 a6 6. Be3 e5 7. Nf3 Be7 8. Bc4
O-O 9. O-O Nc6 10. Qe2 Na5 11. Bd5 Bd7 12. Rfd1 Rc8 13. a4 h6 14. Ra3 Qc7 15.
Nh4 Rfe8 16. Nf5 Bxf5 17. exf5 Nc4 18. Rb3 Nxb2 19. Rxb2 Qxc3 20. Rxb7 Nxd5 0-1

[Event "Gibtelecom Masters"]
[Site "Gibraltar"]
[Date "2007.01.23"]
[Round "1.13"]
[White "Tregubov, Pavel"]
[Black "Sarkar, Justin"]
[Result "1-0"]
[WhiteElo "2613"]
[BlackElo "2405"]
[PlyCount "87"]
[EventDate "2007.??.??"]

1. d4 Nf6 2. Nf3 g6 3. c4 Bg7 4. g3 O-O 5. Bg2 c6 6. O-O d6 7. Nc3 Qa5 8. h3 e5
9. e4 Nbd7 10. d5 cxd5 11. cxd5 b5 12. Nd2 Nc5 13. a3 b4 14. Na2 b3 15. Nxb3
Nxb3 16. Qxb3 Ba6 17. Rd1 Be2 18. Rd2 Rab8 19. Nb4 Bb5 20. Qe3 Rfc8 21. Rd1 Qc7
22. Bd2 a5 23. Rac1 Qb7 24. Nc6 Bxc6 25. dxc6 Rxc6 26. Bxa5 Rxc1 27. Qxc1 Nxe4
28. Rxd6 Qa7 29. Bxe4 Qxa5 30. b4 Qa7 31. Bd5 Kh8 32. Rc6 f5 33. b5 Qd7 34. Be6
Qd8 35. b6 Bf8 36. Qe3 Qd4 37. a4 Qxe3 38. fxe3 Bb4 39. Bd5 Kg7 40. Rc7+ Kf6
41. b7 e4 42. Rc8 Bd6 43. a5 Ke5 44. Bc6 1-0

[Event "Gibtelecom Masters"]
[Site "Gibraltar"]
[Date "2007.01.23"]
[Round "1.14"]
[White "Ris, Robert"]
[Black "Ehlvest, Jaan"]
[Result "0-1"]
[WhiteElo "2403"]
[BlackElo "2610"]
[PlyCount "57"]
[EventDate "2007.??.??"]

1. d4 d5 2. Nf3 c6 3. c4 dxc4 4. e3 Be6 5. Qc2 Nf6 6. Bxc4 Bxc4 7. Qxc4 e6 8.
O-O Nbd7 9. Nc3 Be7 10. e4 O-O 11. Bf4 a5 12. Rfd1 Qb6 13. a3 Rfc8 14. Qe2 Qa6
15. Qc2 h6 16. h3 b5 17. Ne5 Qb7 18. Qe2 b4 19. Nb1 c5 20. Nxd7 Nxd7 21. dxc5
Nxc5 22. Nd2 Bf6 23. e5 Be7 24. Rac1 Bf8 25. Rc4 Na4 26. axb4 axb4 27. Rb1 Nb6
28. Rxc8 Rxc8 29. Ne4 0-1

[Event "Gibtelecom Masters"]
[Site "Gibraltar"]
[Date "2007.01.23"]
[Round "1.16"]
[White "Aaberg, Anton"]
[Black "Kaidanov, Gregory"]
[Result "1/2-1/2"]
[WhiteElo "2400"]
[BlackElo "2595"]
[PlyCount "137"]
[EventDate "2007.??.??"]

1. d4 d5 2. c4 e6 3. Nf3 Nf6 4. g3 dxc4 5. Bg2 a6 6. O-O b5 7. Ne5 Nd5 8. a4
Bb7 9. b3 c3 10. axb5 axb5 11. Rxa8 Bxa8 12. e4 b4 13. exd5 Bxd5 14. Bxd5 Qxd5
15. Qd3 Bd6 16. Nc4 Nc6 17. Rd1 O-O 18. Nxc3 bxc3 19. Qxc3 e5 20. Ne3 Qf3 21.
dxe5 Nxe5 22. Bb2 Re8 23. Qd4 Qe2 24. Kg2 Qf3+ 25. Kg1 h5 26. Qd5 Qe2 27. Bxe5
Rxe5 28. Qd3 Qf3 29. Nf1 Qc6 30. h4 Bc5 31. Rd2 g6 32. Re2 Qd5 33. Qxd5 Rxd5
34. Rc2 Bb6 35. Nd2 Rf5 36. Nc4 Rf3 37. Nxb6 cxb6 38. b4 Rb3 39. Rc4 b5 40. Rd4
f5 41. Kg2 Kf7 42. Rd7+ Ke6 43. Rg7 Kf6 44. Rb7 Rxb4 45. Rb6+ Kf7 46. Kf3 Rb2
47. Ke3 b4 48. f3 b3 49. Kf4 Rb1 50. Ke5 b2 51. Rb7+ Ke8 52. Kf6 Kd8 53. f4 Kc8
54. Rb3 Rg1 55. Rxb2 Rxg3 56. Rd2 Kc7 57. Ke6 Rg4 58. Rc2+ Kd8 59. Rd2+ Kc7 60.
Rc2+ Kb6 61. Kf6 Kb5 62. Rc1 Kb4 63. Rc8 Rxh4 64. Kxg6 Rxf4 65. Kxh5 Rf1 66.
Rf8 Kc4 67. Kg5 Kd4 68. Rxf5 Rxf5+ 69. Kxf5 1/2-1/2

[Event "Gibtelecom Masters"]
[Site "Gibraltar"]
[Date "2007.01.23"]
[Round "1.17"]
[White "Walton, Colin"]
[Black "Van Beek, Alexander"]
[Result "0-1"]
[WhiteElo "2135"]
[BlackElo "2399"]
[PlyCount "40"]
[EventDate "2007.??.??"]

1. e4 e5 2. Nf3 Nc6 3. Bb5 Nf6 4. Qe2 Bc5 5. Nc3 O-O 6. d3 Nd4 7. Nxd4 exd4 8.
Nd1 c6 9. Bc4 d5 10. Bb3 dxe4 11. dxe4 Nxe4 12. O-O Bf5 13. Qf3 Qd7 14. c3 d3
15. Ne3 Bg6 16. Rd1 d2 17. Bxd2 Nxd2 18. Rxd2 Qxd2 19. Rd1 Qxb2 20. Nc4 Qxf2+
0-1

[Event "Gibtelecom Masters"]
[Site "Gibraltar"]
[Date "2007.01.23"]
[Round "1.18"]
[White "Ippolito, Dean"]
[Black "Epishin, Vladimir"]
[Result "0-1"]
[WhiteElo "2397"]
[BlackElo "2561"]
[PlyCount "54"]
[EventDate "2007.??.??"]

1. d4 Nf6 2. c4 c5 3. d5 e5 4. Nc3 d6 5. g3 a6 6. a4 g6 7. Bg2 Bg7 8. Nf3 O-O
9. O-O Bg4 10. Ne1 Qc8 11. a5 Bh3 12. Na4 Bxg2 13. Nxg2 Nbd7 14. Bd2 Re8 15.
Qc2 e4 16. Rab1 Ne5 17. Nb6 Qg4 18. Nf4 g5 19. h3 Qf5 20. g4 Nfxg4 21. hxg4
Qxg4+ 22. Kh2 Nf3+ 23. exf3 exf3 24. Nd7 Re2 25. Rbe1 gxf4 26. Nf6+ Bxf6 27.
Rg1 Rxf2+ 0-1

[Event "Gibtelecom Masters"]
[Site "Gibraltar"]
[Date "2007.01.23"]
[Round "1.19"]
[White "Sandipan, Chanda"]
[Black "Ansell, Simon"]
[Result "1/2-1/2"]
[WhiteElo "2561"]
[BlackElo "2393"]
[PlyCount "137"]
[EventDate "2007.??.??"]

1. e4 c5 2. Nf3 Nc6 3. d4 cxd4 4. Nxd4 e5 5. Nb5 d6 6. c4 Be7 7. N1c3 a6 8. Na3
f5 9. exf5 Bxf5 10. Bd3 Be6 11. Be4 Nf6 12. Bd5 Qd7 13. O-O O-O 14. Be3 Nb4 15.
Bxe6+ Qxe6 16. Qe2 d5 17. cxd5 Nfxd5 18. Nxd5 Nxd5 19. Nc4 Nxe3 20. Nxe3 Bc5
21. b3 Rf7 22. Rac1 Ba7 23. Qc4 Qxc4 24. Nxc4 Raf8 25. Rc2 Bd4 26. Nd6 Rd7 27.
Ne4 h6 28. g3 b5 29. Kg2 a5 30. Rfc1 a4 31. Rc7 Rfd8 32. Rxd7 Rxd7 33. Rc8+ Kh7
34. bxa4 bxa4 35. Ra8 Ba7 36. a3 Kg6 37. g4 h5 38. Kg3 hxg4 39. Kxg4 Rf7 40. f3
Rf4+ 41. Kg3 Rf7 42. h4 Be3 43. Rxa4 Kh5 44. Ra8 Bf4+ 45. Kh3 Rb7 46. Rh8+ Bh6
47. Ng3+ Kg6 48. h5+ Kf7 49. Ra8 Rb3 50. Kg4 Bf4 51. Ne4 Rb1 52. Ra7+ Kg8 53.
Nd6 Rg1+ 54. Kf5 Rg5+ 55. Ke6 Rxh5 56. Ra8+ Kh7 57. Nf7 Kg6 58. Rh8 Rf5 59. Nd6
Rf6+ 60. Kd5 e4 61. Nxe4 Ra6 62. Rf8 Bc1 63. f4 Bxa3 64. f5+ Kh5 65. Rg8 Bb2
66. Nd6 Ra5+ 67. Ke6 Re5+ 68. Kf7 Rd5 69. Ke6 1/2-1/2

[Event "Gibtelecom Masters"]
[Site "Gibraltar"]
[Date "2007.01.23"]
[Round "1.20"]
[White "Grooten, Herman"]
[Black "Al Modiahki, Mohamed"]
[Result "0-1"]
[WhiteElo "2387"]
[BlackElo "2556"]
[PlyCount "148"]
[EventDate "2007.??.??"]

1. d4 d5 2. c4 c6 3. Nf3 Nf6 4. Nc3 dxc4 5. a4 Bf5 6. e3 e6 7. Bxc4 Bb4 8. O-O
Nbd7 9. Qe2 Bg6 10. e4 O-O 11. Bd3 Bh5 12. e5 Nd5 13. Nxd5 cxd5 14. Qe3 Be7 15.
Ng5 Bxg5 16. Qxg5 Bg6 17. Be2 Qb6 18. Qe3 Rfc8 19. h4 h6 20. h5 Be4 21. Ra3 Rc2
22. a5 Qc7 23. Ra2 Nb8 24. Bd2 Nc6 25. Bc3 Ne7 26. g4 Rc8 27. Ra3 Nc6 28. Bd1
Rxc3 29. Qxc3 Qd8 30. f3 Bh7 31. Qd2 a6 32. Kg2 f6 33. f4 fxe5 34. fxe5 Qh4 35.
Rh3 Be4+ 36. Kh2 Qe7 37. Ba4 Na7 38. g5 hxg5 39. Rg3 Rc4 40. Bd1 Nc6 41. Qxg5
Qxg5 42. Rxg5 Nxd4 43. Rg3 Nf5 44. Rc3 Rd4 45. Rc8+ Kh7 46. Bf3 Rd2+ 47. Kh3
Bxf3 48. Rxf3 Rxb2 49. Re8 Re2 50. Rb3 Rxe5 51. Rb6 Nd4 52. Rxb7 Rxh5+ 53. Kg4
Re5 54. Rb6 Re4+ 55. Kh3 Kg6 56. Rxa6 Kf5 57. Rb6 Re3+ 58. Kg2 Re2+ 59. Kg3 Ra2
60. a6 e5 61. Rf8+ Ke4 62. Rf2 Nf5+ 63. Kg2 Ne3+ 64. Kg3 Nf5+ 65. Kg2 Ne3+ 66.
Kg3 Ra3 67. Rfb2 Nc4+ 68. R2b3 Ra2 69. Rg6 Ne3 70. Rgb6 Nc4 71. Rg6 d4 72. Rb7
d3 73. Rd7 Ne3 74. a7 d2 0-1

[Event "Gibtelecom Masters"]
[Site "Gibraltar"]
[Date "2007.01.23"]
[Round "1.21"]
[White "Felgaer, Ruben"]
[Black "Houska, Jovanka"]
[Result "1-0"]
[WhiteElo "2556"]
[BlackElo "2384"]
[PlyCount "71"]
[EventDate "2007.??.??"]

1. e4 c6 2. Ne2 d5 3. e5 c5 4. d4 Nc6 5. c3 Bg4 6. Qb3 Bxe2 7. Bxe2 Qd7 8. Be3
e6 9. O-O Nge7 10. Nd2 Nf5 11. Nf3 Be7 12. g4 Nxe3 13. fxe3 c4 14. Qc2 f6 15.
exf6 gxf6 16. Kh1 O-O-O 17. b3 cxb3 18. axb3 Qc7 19. b4 Nxb4 20. Qa4 Nc6 21.
Rfb1 Rd6 22. Bb5 Rg8 23. g5 h6 24. gxh6 Rh8 25. Bxc6 Rxc6 26. Qxa7 Rxh6 27. Rg1
Rxc3 28. Qa8+ Kd7 29. Rgb1 Kd6 30. Rxb7 Rc1+ 31. Rxc1 Qxc1+ 32. Ng1 Rxh2+ 33.
Kxh2 Qc2+ 34. Kg3 Qg6+ 35. Kf2 Qf5+ 36. Ke1 1-0

[Event "Gibtelecom Masters"]
[Site "Gibraltar"]
[Date "2007.01.23"]
[Round "1.24"]
[White "Dworakowska, Joanna"]
[Black "Andersson, Ulf"]
[Result "1/2-1/2"]
[WhiteElo "2376"]
[BlackElo "2541"]
[PlyCount "82"]
[EventDate "2007.??.??"]

1. e4 e6 2. d4 d5 3. Nc3 dxe4 4. Nxe4 Nd7 5. Nf3 Ngf6 6. Bd3 c5 7. O-O Nxe4 8.
Bxe4 Nf6 9. Bg5 cxd4 10. Qe2 Qb6 11. Bxf6 gxf6 12. Rfd1 Bc5 13. Rab1 a5 14. c3
d3 15. Rxd3 Bd7 16. Nd4 O-O-O 17. Rbd1 Bxd4 18. Rxd4 Bc6 19. Bxc6 bxc6 20. Qf3
f5 21. b3 Qc7 22. g3 Rxd4 23. Rxd4 Rd8 24. Rh4 f6 25. Qe2 e5 26. Qa6+ Kb8 27.
Ra4 Rd5 28. b4 Qb7 29. Rxa5 Qxa6 30. Rxa6 Kb7 31. Ra3 Rd2 32. c4 Rb2 33. Rf3
Rxb4 34. Rxf5 Rxc4 35. Rxf6 c5 36. Kg2 Rd4 37. Rh6 c4 38. Rxh7+ Kc6 39. Rh8 Kc7
40. Rh7+ Kc6 41. Rh8 Kc7 1/2-1/2

[Event "Gibtelecom Masters"]
[Site "Gibraltar"]
[Date "2007.01.23"]
[Round "1.26"]
[White "Dittmar, Peter"]
[Black "Cramling, Pia"]
[Result "0-1"]
[WhiteElo "2357"]
[BlackElo "2530"]
[PlyCount "80"]
[EventDate "2007.??.??"]

1. c4 c5 2. Nc3 g6 3. g3 Bg7 4. Bg2 Nc6 5. e4 a6 6. Nge2 Rb8 7. a4 Nf6 8. d3 d6
9. O-O O-O 10. h3 Ne8 11. Be3 Be6 12. Rb1 Nc7 13. Qd2 b5 14. axb5 axb5 15. Nxb5
Nxb5 16. cxb5 Rxb5 17. d4 cxd4 18. Nxd4 Nxd4 19. Bxd4 Bxd4 20. Qxd4 Qd7 21. h4
Rfb8 22. b4 Qb7 23. Qe3 Qb6 24. Qh6 Rxb4 25. Rxb4 Qxb4 26. h5 Qd4 27. hxg6 hxg6
28. Rc1 Rb2 29. Qf4 Re2 30. Rb1 Kg7 31. g4 d5 32. g5 dxe4 33. Qh4 Qe5 34. Rd1
Bd5 35. Rc1 Bb7 36. Rd1 Qc7 37. Bh3 e3 38. fxe3 Qh2+ 39. Kf1 Rd2 40. Qh6+ Kg8
0-1

[Event "Gibtelecom Masters"]
[Site "Gibraltar"]
[Date "2007.01.23"]
[Round "1.27"]
[White "Sulskis, Sarunas"]
[Black "Quillan, Gary"]
[Result "1/2-1/2"]
[WhiteElo "2525"]
[BlackElo "2354"]
[PlyCount "60"]
[EventDate "2007.??.??"]

1. e4 e6 2. d4 d5 3. Nc3 Bb4 4. e5 c5 5. a3 Bxc3+ 6. bxc3 Ne7 7. Qg4 Qc7 8.
Qxg7 Rg8 9. Qxh7 cxd4 10. Ne2 Nbc6 11. f4 Bd7 12. Qd3 dxc3 13. Nxc3 a6 14. Rb1
Na5 15. h4 Nf5 16. Rh3 O-O-O 17. h5 Nc4 18. Ne4 dxe4 19. Qxc4 Bc6 20. h6 Qd7
21. h7 Qd1+ 22. Kf2 e3+ 23. Rxe3 Nxe3 24. Qxc6+ bxc6 25. Bxa6+ Kc7 26. Rb7+ Kc8
27. Rb5+ Kc7 28. Rb7+ Kc8 29. Rb5+ Kc7 30. Rb7+ Kc8 1/2-1/2

[Event "Gibtelecom Masters"]
[Site "Gibraltar"]
[Date "2007.01.23"]
[Round "1.28"]
[White "Werner, Dimo"]
[Black "Rogers, Ian"]
[Result "0-1"]
[WhiteElo "2353"]
[BlackElo "2522"]
[PlyCount "44"]
[EventDate "2007.??.??"]

1. d4 Nf6 2. c4 e6 3. Nf3 c5 4. e3 cxd4 5. exd4 d5 6. Nc3 Bb4 7. cxd5 Nxd5 8.
Qc2 Nc6 9. Bd3 Ba5 10. a3 Nxc3 11. bxc3 Nxd4 12. Nxd4 Qxd4 13. Bb2 Qe5+ 14. Kf1
Bd7 15. c4 Qf4 16. g3 Qh6 17. Be4 O-O 18. Rd1 Rfd8 19. Kg2 e5 20. Rxd7 Rxd7 21.
Qa4 Rd2 22. Bc1 Qe3 0-1

[Event "Gibtelecom Masters"]
[Site "Gibraltar"]
[Date "2007.01.23"]
[Round "1.29"]
[White "Pavlovic, Milos"]
[Black "Klinova, Masha"]
[Result "1-0"]
[WhiteElo "2521"]
[BlackElo "2350"]
[PlyCount "57"]
[EventDate "2007.??.??"]

1. Nf3 Nf6 2. c4 g6 3. Nc3 Bg7 4. d4 O-O 5. Bg5 d6 6. e3 b6 7. Bd3 Bb7 8. O-O
c5 9. d5 h6 10. Bh4 Nbd7 11. Nd2 a6 12. a4 Ne8 13. f4 b5 14. axb5 axb5 15. Rxa8
Bxa8 16. Nxb5 Bxb2 17. Ne4 Bg7 18. Nexd6 Nxd6 19. Nxd6 Nf6 20. Nb5 Qd7 21. e4
Bb7 22. e5 Nh7 23. Qe2 Rd8 24. f5 g5 25. Bg3 Nf8 26. e6 fxe6 27. fxe6 Nxe6 28.
Bf5 Nd4 29. Nxd4 1-0

[Event "Gibtelecom Masters"]
[Site "Gibraltar"]
[Date "2007.01.23"]
[Round "1.31"]
[White "Jones, Gawain"]
[Black "Solomon, Kenny"]
[Result "1-0"]
[WhiteElo "2509"]
[BlackElo "2320"]
[PlyCount "91"]
[EventDate "2007.??.??"]

1. e4 e5 2. Nf3 Nc6 3. d4 exd4 4. Bc4 Nf6 5. e5 d5 6. Bb5 Ne4 7. Nxd4 Bd7 8.
Bxc6 bxc6 9. O-O Bc5 10. f3 Ng5 11. f4 Ne4 12. Be3 O-O 13. Nd2 f5 14. Nxe4 fxe4
15. c4 Qe7 16. Rc1 Rab8 17. Kh1 dxc4 18. Qe2 Bxd4 19. Bxd4 Be6 20. Bxa7 Ra8 21.
Qe3 Rf7 22. Bc5 Qd7 23. Qxe4 Bd5 24. Qc2 Qe6 25. a3 g6 26. Qe2 Re8 27. Rc3 h5
28. Kg1 Kh7 29. Rf2 Qf5 30. a4 Ra8 31. Ra3 Be6 32. a5 Rd7 33. a6 Rd5 34. Be3
Rb5 35. h3 Qe4 36. a7 c5 37. Ra6 c6 38. Ra3 Qf5 39. Qc2 Qf7 40. f5 Bxf5 41. g4
hxg4 42. hxg4 Bxc2 43. Rxf7+ Kg8 44. e6 Be4 45. Bh6 c3 46. bxc3 1-0

[Event "Gibtelecom Masters"]
[Site "Gibraltar"]
[Date "2007.01.23"]
[Round "1.32"]
[White "Citak, Selim"]
[Black "Howell, David"]
[Result "0-1"]
[WhiteElo "2310"]
[BlackElo "2501"]
[PlyCount "100"]
[EventDate "2007.??.??"]

1. d4 Nf6 2. c4 g6 3. Nf3 Bg7 4. g3 O-O 5. Bg2 d6 6. O-O Nc6 7. Nc3 Rb8 8. h3
a6 9. Be3 b5 10. Nd2 Qe8 11. Rc1 b4 12. Nce4 Nxe4 13. Nxe4 f5 14. Ng5 h6 15.
Nf3 e5 16. dxe5 dxe5 17. Qd2 Kh7 18. Bc5 Rf7 19. e4 f4 20. b3 Be6 21. Qe2 g5
22. Rcd1 a5 23. Rd3 Nd8 24. a3 Nb7 25. axb4 a4 26. Qc2 axb3 27. Rxb3 Nxc5 28.
bxc5 Ra8 29. Rb5 c6 30. Rb4 Qe7 31. Qe2 Qxc5 32. Rfb1 fxg3 33. Qe3 Qxe3 34.
fxe3 Raf8 35. Rb7 Bxc4 36. Rxf7 Rxf7 37. Rc1 Bb5 38. Rc5 Rd7 39. Rc1 Rd3 40.
Re1 Rc3 41. Bf1 Rc2 42. Bxb5 cxb5 43. Rb1 Rf2 44. Ne1 h5 45. Rxb5 h4 46. Nd3
Rh2 47. Rb7 g4 48. hxg4 Rd2 49. Rd7 h3 50. Nxe5 Ra2 0-1

[Event "Gibtelecom Masters"]
[Site "Gibraltar"]
[Date "2007.01.23"]
[Round "1.33"]
[White "Carlsson, Pontus"]
[Black "Ly, Moulthun"]
[Result "1-0"]
[WhiteElo "2492"]
[BlackElo "2307"]
[PlyCount "53"]
[EventDate "2007.??.??"]

1. e4 e6 2. d4 d5 3. Nd2 Nf6 4. e5 Ne4 5. Bd3 Nxd2 6. Bxd2 c5 7. dxc5 Nd7 8.
Nf3 Nxc5 9. O-O Be7 10. Be3 O-O 11. c3 Nxd3 12. Qxd3 Bd7 13. Nd4 Qc7 14. Bf4
Qb6 15. Qd2 Rac8 16. Rfe1 Rc4 17. b3 Rc7 18. Re3 Rfc8 19. Rg3 Bf8 20. Bh6 Be8
21. Bxg7 Bxg7 22. Qg5 f5 23. exf6 Bg6 24. fxg7 Rxc3 25. Rxc3 Rxc3 26. Qe7 Qc5
27. Qd8+ 1-0

[Event "Gibtelecom Masters"]
[Site "Gibraltar"]
[Date "2007.01.23"]
[Round "1.34"]
[White "Meenakshi, S."]
[Black "Caruana, Fabiano"]
[Result "0-1"]
[WhiteElo "2293"]
[BlackElo "2492"]
[PlyCount "53"]
[EventDate "2007.??.??"]

1. c4 e5 2. Nc3 Nf6 3. g3 Bb4 4. Nd5 Nxd5 5. cxd5 O-O 6. Bg2 d6 7. e3 Bf5 8.
Ne2 Nd7 9. O-O Bd3 10. a3 Bc5 11. b4 Bb6 12. Re1 Qf6 13. Bb2 Qf5 14. Nc1 Be4
15. d3 Bxg2 16. Kxg2 Nf6 17. f3 Qg6 18. e4 Nh5 19. Ne2 f5 20. a4 fxe4 21. dxe4
Rxf3 22. Kxf3 Rf8+ 23. Nf4 Nxf4 24. gxf4 Rxf4+ 25. Ke2 Qg2+ 26. Kd3 Rf2 27. a5
0-1

[Event "Gibtelecom Masters"]
[Site "Gibraltar"]
[Date "2007.01.23"]
[Round "1.35"]
[White "Kristjansson, Stefan"]
[Black "Salgado Allaria, Carlos"]
[Result "0-1"]
[WhiteElo "2485"]
[BlackElo "2288"]
[PlyCount "48"]
[EventDate "2007.??.??"]

1. e4 c5 2. c3 Nf6 3. e5 Nd5 4. Nf3 e6 5. d4 cxd4 6. cxd4 b6 7. Bd3 Ba6 8. Nc3
Nxc3 9. bxc3 Qc7 10. Bxa6 Nxa6 11. Qd3 Qc6 12. O-O Nc7 13. Ng5 Be7 14. Nxh7 Nd5
15. c4 Nb4 16. Qh3 O-O-O 17. Ba3 Qe4 18. Bxb4 Rxh7 19. Qa3 Bxb4 20. Qxb4 Rdh8
21. h3 Rxh3 22. gxh3 Rxh3 23. f3 Rg3+ 24. Kf2 Rxf3+ 0-1

[Event "Gibtelecom Masters"]
[Site "Gibraltar"]
[Date "2007.01.23"]
[Round "1.36"]
[White "Eggleston, David"]
[Black "Ramesh, R B."]
[Result "0-1"]
[WhiteElo "2284"]
[BlackElo "2483"]
[PlyCount "106"]
[EventDate "2007.??.??"]

1. e4 e5 2. Nf3 Nc6 3. Bb5 a6 4. Ba4 Nf6 5. O-O Be7 6. Re1 b5 7. Bb3 O-O 8. c3
d6 9. d4 Bg4 10. d5 Na5 11. Bc2 Qc8 12. h3 Bd7 13. Nbd2 c6 14. dxc6 Qxc6 15.
Nf1 Be6 16. Ng5 Bd7 17. Nf3 Rfe8 18. a4 h6 19. Ne3 Be6 20. Qd3 Nb3 21. axb5
Qxb5 22. Qxb5 axb5 23. Rxa8 Rxa8 24. Nd5 Bxd5 25. exd5 Nxc1 26. Rxc1 Rb8 27.
Bb3 Ra8 28. Ne1 Bd8 29. Nd3 Bb6 30. Kf1 Ne4 31. Ke2 f5 32. c4 bxc4 33. Rxc4 Bd4
34. Ba4 Rb8 35. Bd7 g6 36. Be6+ Kf8 37. b4 Ra8 38. Rc2 Nc3+ 39. Kd2 Ra3 40. g4
f4 41. h4 g5 42. hxg5 hxg5 43. Bf5 e4 44. Nc1 e3+ 45. fxe3 Bxe3+ 46. Ke1 Nxd5
47. Nd3 Nc3 48. Kf1 f3 49. Ne1 f2 50. Rxf2 Bxf2 51. Kxf2 Ke7 52. Nd3 Nd5 53.
Ke2 Rb3 0-1

[Event "Gibtelecom Masters"]
[Site "Gibraltar"]
[Date "2007.01.23"]
[Round "1.39"]
[White "Abergel, Thal"]
[Black "Wallace, Paul"]
[Result "1-0"]
[WhiteElo "2475"]
[BlackElo "2274"]
[PlyCount "75"]
[EventDate "2007.??.??"]

1. e4 e5 2. Nf3 Nc6 3. Bc4 Nf6 4. d3 Be7 5. O-O O-O 6. Re1 d6 7. a4 Na5 8. Ba2
c5 9. Nbd2 a6 10. c3 b5 11. axb5 axb5 12. b4 Nc6 13. Bxf7+ Rxf7 14. Rxa8 Ne8
15. Ra1 Nc7 16. bxc5 dxc5 17. Qe2 h6 18. h3 Kh7 19. Nf1 Ne6 20. N1h2 b4 21.
cxb4 cxb4 22. Be3 Bd7 23. Qa2 Qe8 24. Rec1 Nc7 25. Qc4 Bd6 26. d4 exd4 27. Bxd4
Nxd4 28. Qxd4 Nb5 29. Qd3 Bf8 30. Ng4 Bxg4 31. hxg4 Nc3 32. e5+ Kg8 33. Qc4 Kh7
34. Rxc3 bxc3 35. Qxc3 Qe6 36. g5 Qf5 37. Qb3 hxg5 38. Qxf7 1-0

[Event "Gibtelecom Masters"]
[Site "Gibraltar"]
[Date "2007.01.23"]
[Round "1.40"]
[White "Rasch, Holger"]
[Black "Bellaiche, Anthony"]
[Result "1/2-1/2"]
[WhiteElo "2272"]
[BlackElo "2472"]
[PlyCount "76"]
[EventDate "2007.??.??"]

1. e4 c5 2. c3 d5 3. exd5 Qxd5 4. d4 Nf6 5. Nf3 Bg4 6. Be2 e6 7. O-O Nc6 8. Be3
cxd4 9. Nxd4 Bxe2 10. Qxe2 Nxd4 11. Bxd4 Be7 12. Rd1 Qf5 13. c4 O-O 14. Nd2
Rfd8 15. Nf3 b6 16. b3 h6 17. h3 Rac8 18. a4 Bb4 19. Be3 e5 20. Rxd8+ Rxd8 21.
Rd1 Re8 22. Ne1 Bc5 23. a5 Qe4 24. axb6 axb6 25. Nc2 Ra8 26. Qd3 Ra2 27. Bxc5
Qxd3 28. Rxd3 bxc5 29. Ne1 Kh7 30. f3 e4 31. fxe4 Nxe4 32. Nf3 f5 33. Ne5 f4
34. g4 Ng3 35. Nd7 Ne2+ 36. Kf1 Ng3+ 37. Kg1 Ne2+ 38. Kf1 Ng3+ 1/2-1/2

[Event "Gibtelecom Masters"]
[Site "Gibraltar"]
[Date "2007.01.23"]
[Round "1.41"]
[White "Dzagnidze, Nana"]
[Black "Mohota, Nisha"]
[Result "1-0"]
[WhiteElo "2463"]
[BlackElo "2270"]
[PlyCount "64"]
[EventDate "2007.??.??"]

1. d4 d5 2. c4 e6 3. Nc3 Be7 4. Bf4 Nf6 5. e3 O-O 6. Nf3 c5 7. dxc5 Bxc5 8.
cxd5 Nxd5 9. Nxd5 exd5 10. Bd3 Bb4+ 11. Nd2 Bd6 12. Qh5 g6 13. Qf3 Nc6 14. O-O
Ne5 15. Qg3 Re8 16. Be2 Bf5 17. Nb3 Nc4 18. Nd4 Bxf4 19. Qxf4 Bd7 20. b3 Nd2
21. Rfc1 Ne4 22. Rc2 Rc8 23. Rac1 Rxc2 24. Rxc2 Qa5 25. Bf1 Qe1 26. Qf3 Nc3 27.
g4 Re4 28. h3 h5 29. gxh5 Re5 30. hxg6 fxg6 31. Qg3 Re7 32. Qb8+ Re8 1-0

[Event "Gibtelecom Masters"]
[Site "Gibraltar"]
[Date "2007.01.23"]
[Round "1.43"]
[White "Smerdon, David"]
[Black "Richardson, Keith"]
[Result "1-0"]
[WhiteElo "2460"]
[BlackElo "2250"]
[PlyCount "66"]
[EventDate "2007.??.??"]

1. e4 g6 2. d4 Bg7 3. Nc3 d6 4. Be3 a6 5. Qd2 b5 6. h4 h5 7. f3 Nd7 8. Nh3 Bb7
9. Ng5 Ngf6 10. O-O-O e6 11. Bd3 Qe7 12. f4 O-O-O 13. a4 b4 14. Na2 a5 15. Kb1
Ng4 16. Bg1 Nb6 17. c3 f6 18. cxb4 fxg5 19. bxa5 gxf4 20. axb6 cxb6 21. d5 Ne3
22. Bxe3 fxe3 23. Qxe3 exd5 24. Qxb6 Kb8 25. Nb4 Rc8 26. Rc1 dxe4 27. Na6+ Ka8
28. Nc7+ Kb8 29. Nb5 Rc5 30. Rxc5 dxc5 31. Rc1 Bf8 32. Bc4 e3 33. Be6 Qf7 1-0